000 01519nam a22003977a 4500
003 CHAP
005 20220329143129.0
008 060609d2006 mx ad r 00110 spa d
010 _a92374
011 _a93346
035 _a103918
040 _cCHAP
090 _aTesis
100 1 _aMartínez Ramírez, Pedro.
_972421
245 1 0 _aEficiencia del sistema de aireación en bodegas tipo pantaco para la conservación de la calidad de grano de maíz
_c/por Pedro Martínez Ramírez
260 _aChapingo, Méx. :
_bEl autor,
_c2006
300 _a119 h. :
_bilus. ; gráfs. ; cuadros
502 _aTesis (Ing. Agr. en Sistemas Agrícolas de Zonas Áridas) -- UACH. Unidad Regional Universitaria de Zonas Áridas
590 _aALEPH
_b10
_c20130110
_lUCH01
_h1512
590 _aBATCH-UPD
_b10
_c20130110
_lUCH01
_h0631
590 _aBATCH-UPD
_b10
_c20130410
_lUCH01
_h0315
590 _aBATCH-UPD
_b10
_c20130913
_lUCH01
_h2322
590 _aCONVERSION
_b10
_c20130109
_lUCH01
_h1351
650 1 4 _aAire acondicionado.
_93151
650 1 4 _aAireación.
_93153
650 1 4 _aAlmacenamiento en atmósfera controlada.
_94461
650 1 4 _aBodegas.
_913346
650 1 4 _aCalidad
_xControl de la.
_917484
650 1 4 _aCereales
_xConservación.
_921402
650 1 4 _aMaíz
_xCalidad.
_970894
901 _aBK
905 _aMarco A. Mendoza T.
942 _cFOLL
949 _aTesis
_bBC
_cTES
_d00000001039181
_eTS1
_gDonaciØn
_h45485
_i103918
_sb
949 _aTesis
_bBC
_cTES
_d33724000990925
_eTS2
_fc.2
_gDonaciØn
_h45486
_i103918
_sb
999 _c92374
_d92374